| 000 | 00474cam a2200193I 4500 | ||
|---|---|---|---|
| 999 |
_c6478 _d6478 |
||
| 001 | 2778943 | ||
| 003 | OSt | ||
| 005 | 20190116204250.0 | ||
| 008 | 770304s1958 nyu 00000 eng u | ||
| 040 |
_cJNA _dOCL _dBGU |
||
| 082 |
_a231 _bP558y |
||
| 090 |
_aBT101 _b.P48 1955 |
||
| 100 | 1 | 0 |
_aPhillips, J. B. _q(John Bertram), _d1906- |
| 245 | 1 | 0 | _aYour God is too small |
| 260 | 0 |
_aNew York, _bMacmillan, _c[1977] |
|
| 300 |
_a140 p. _c19cm |
||
| 650 | 0 | _aGod | |
| 942 |
_2ddc _cBK |
||